000 00809nam a22002537a 4500
003 UA-OsUOA
001 46649
007 ta
008 20120507b un ||||| |||| 00| 0 ukr d
100 _aРоманенчук Б.
090 _a09.-82(091)(477)
_bР69
942 _cBK
040 _aUA-OsUOA
_bukr
_cUA-OsUOA
_dUA-OsUOA
245 _aУкраїнське письменство
300 _a168 с.
955 _a4
041 _aukr
080 _a09.-82(091)(477)
260 _aІнсбрук
_bВідділ культурно-освітньої праці УЦДОА
_c1946
246 3 1 _aЧ.І.
_nСтара доба
650 7 _a0 Загальний відділ.
_2UDC
999 _c426753
_d426753